MyGZULibrary

The last wish : (Record no. 10644)

MARC details
000 -LEADER
fixed length control field 02922cam a22007215i 4500
001 - CONTROL NUMBER
control field 22184699
003 - CONTROL NUMBER IDENTIFIER
control field GZU
005 - DATE AND TIME OF LATEST TRANSACTION
control field 20220926085500.0
008 - FIXED-LENGTH DATA ELEMENTS--GENERAL INFORMATION
fixed length control field 210820s2021 nyua 000 1 eng d
010 ## - LIBRARY OF CONGRESS CONTROL NUMBER
LC control number 2021945638
020 ## - INTERNATIONAL STANDARD BOOK NUMBER
International Standard Book Number 9780316333528
Qualifying information (hardcover)
020 ## - INTERNATIONAL STANDARD BOOK NUMBER
International Standard Book Number 9781473231061
022 ## - INTERNATIONAL STANDARD SERIAL NUMBER
International Standard Serial Number 9781473231061
035 ## - SYSTEM CONTROL NUMBER
System control number (OCoLC)on1289310958
040 ## - CATALOGING SOURCE
Original cataloging agency GZD
Language of cataloging eng
Transcribing agency GZD
Description conventions rda
Modifying agency GZD
-- OCLCF
-- OCLCO
-- DLC
041 1# - LANGUAGE CODE
Language code of text/sound track or separate title eng
Language code of original pol
042 ## - AUTHENTICATION CODE
Authentication code lccopycat
050 ## - LIBRARY OF CONGRESS CALL NUMBER
Classification number PG7178
Item number SAP 2020
100 1# - MAIN ENTRY--PERSONAL NAME
Personal name Sapkowski, Andrzej,
Relator term author.
Dates associated with a name 1948 -
240 10 - UNIFORM TITLE
Uniform title Ostatni ̇życzenie. llEnglish
245 14 - TITLE STATEMENT
Title The last wish :
Remainder of title introducing the witcher /
Statement of responsibility, etc. Andrzej Sapkowski ; translated by Danusia Stok.
264 #1 - PRODUCTION, PUBLICATION, DISTRIBUTION, MANUFACTURE, AND COPYRIGHT NOTICE
Place of production, publication, distribution, manufacture London :
Name of producer, publisher, distributor, manufacturer Gollancz,
Date of production, publication, distribution, manufacture, or copyright notice 2020.
264 #4 - PRODUCTION, PUBLICATION, DISTRIBUTION, MANUFACTURE, AND COPYRIGHT NOTICE
Date of production, publication, distribution, manufacture, or copyright notice ©2020
300 ## - PHYSICAL DESCRIPTION
Extent 280 pages :
Dimensions 25 cm
336 ## - CONTENT TYPE
Content type term text
Content type code txt
Source rdacontent
336 ## - CONTENT TYPE
Source rdacontent
337 ## - MEDIA TYPE
Media type term unmediated
Media type code n
Source rdamedia
338 ## - CARRIER TYPE
Carrier type term volume
Carrier type code nc
Source rdacarrier
490 1# - SERIES STATEMENT
Series statement The witcher
500 ## - GENERAL NOTE
General note Originaltitel: Ostatnie Zyczenie<br/>Originaludgave: 1993<br/>7. printing, 2008
505 0# - FORMATTED CONTENTS NOTE
Formatted contents note The Witcher -- A grain of truth -- The lesser evil -- A question of price -- The edge of the world -- The last wish.
520 ## - SUMMARY, ETC.
Summary, etc. Geralt de Riv, a witcher, uses his vast sorcerous powers to hunt down the monsters that threaten the world, but he soon discovers that not every monstrous-looking creature is evil, and not everything beautiful is good.
546 ## - LANGUAGE NOTE
Language note Translated from the Polish.
600 10 - SUBJECT ADDED ENTRY--PERSONAL NAME
Personal name Sapkowski, Andrzej
Form subdivision Translations into English.
600 17 - SUBJECT ADDED ENTRY--PERSONAL NAME
Personal name Sapkowski, Andrzej.
Source of heading or term fast
Authority record control number or standard number (OCoLC)fst00360308
648 #7 - SUBJECT ADDED ENTRY--CHRONOLOGICAL TERM
Chronological term 2000-2099
Source of heading or term fast
650 #0 - SUBJECT ADDED ENTRY--TOPICAL TERM
Topical term or geographic name entry element Assassins
Form subdivision Fiction.
650 #0 - SUBJECT ADDED ENTRY--TOPICAL TERM
Topical term or geographic name entry element Monsters
Form subdivision Fiction.
650 #0 - SUBJECT ADDED ENTRY--TOPICAL TERM
Topical term or geographic name entry element Magic
Form subdivision Fiction.
650 #0 - SUBJECT ADDED ENTRY--TOPICAL TERM
Topical term or geographic name entry element Warlocks
Form subdivision Fiction.
650 #0 - SUBJECT ADDED ENTRY--TOPICAL TERM
Topical term or geographic name entry element Good and evil
Form subdivision Fiction.
650 #0 - SUBJECT ADDED ENTRY--TOPICAL TERM
Topical term or geographic name entry element Magicians
Form subdivision Fiction.
650 #0 - SUBJECT ADDED ENTRY--TOPICAL TERM
Topical term or geographic name entry element Polish fiction
Chronological subdivision 21st century
Form subdivision Translations into English.
650 #7 - SUBJECT ADDED ENTRY--TOPICAL TERM
Topical term or geographic name entry element Assassins.
Source of heading or term fast
Authority record control number or standard number (OCoLC)fst00818974
650 #7 - SUBJECT ADDED ENTRY--TOPICAL TERM
Topical term or geographic name entry element Good and evil.
Source of heading or term fast
Authority record control number or standard number (OCoLC)fst00944894
650 #7 - SUBJECT ADDED ENTRY--TOPICAL TERM
Topical term or geographic name entry element Magic.
Source of heading or term fast
Authority record control number or standard number (OCoLC)fst01005468
650 #7 - SUBJECT ADDED ENTRY--TOPICAL TERM
Topical term or geographic name entry element Magicians.
Source of heading or term fast
Authority record control number or standard number (OCoLC)fst01005551
650 #7 - SUBJECT ADDED ENTRY--TOPICAL TERM
Topical term or geographic name entry element Monsters.
Source of heading or term fast
Authority record control number or standard number (OCoLC)fst01025752
650 #7 - SUBJECT ADDED ENTRY--TOPICAL TERM
Topical term or geographic name entry element Polish fiction.
Source of heading or term fast
Authority record control number or standard number (OCoLC)fst01068916
650 #7 - SUBJECT ADDED ENTRY--TOPICAL TERM
Topical term or geographic name entry element Warlocks.
Source of heading or term fast
Authority record control number or standard number (OCoLC)fst01170812
655 #7 - INDEX TERM--GENRE/FORM
Genre/form data or focus term Fantasy fiction.
Source of term fast
Authority record control number or standard number (OCoLC)fst01726607
655 #7 - INDEX TERM--GENRE/FORM
Genre/form data or focus term Fiction.
Source of term fast
Authority record control number or standard number (OCoLC)fst01423787
655 #7 - INDEX TERM--GENRE/FORM
Genre/form data or focus term Paranormal fiction.
Source of term fast
Authority record control number or standard number (OCoLC)fst01921727
655 #7 - INDEX TERM--GENRE/FORM
Genre/form data or focus term Translations.
Source of term fast
Authority record control number or standard number (OCoLC)fst01423791
655 #7 - INDEX TERM--GENRE/FORM
Genre/form data or focus term Fantasy fiction.
Source of term lcgft
655 #7 - INDEX TERM--GENRE/FORM
Genre/form data or focus term Paranormal fiction.
Source of term lcgft
700 1# - ADDED ENTRY--PERSONAL NAME
Personal name Stok, Danusia,
Relator term translator.
800 1# - SERIES ADDED ENTRY--PERSONAL NAME
Personal name Sapkowski, Andrzej.
Title of a work Wiedźmin.
Language of a work English (Series)
906 ## - LOCAL DATA ELEMENT F, LDF (RLIN)
a 0
b ibc
c copycat
d 2
e ncip
f 20
g y-gencatlg
942 ## - ADDED ENTRY ELEMENTS (KOHA)
Source of classification or shelving scheme Library of Congress Classification
Koha item type Books
Classification part 7178
Item part SAP
Call number prefix PG
Holdings
Withdrawn status Lost status Source of classification or shelving scheme Damaged status Not for loan Collection code Home library Current library Shelving location Date acquired Source of acquisition Total Checkouts Full call number Barcode Date last seen Copy number Price effective from Koha item type
    Library of Congress Classification     Non-fiction Mashava Campus Library Mashava Campus Library General Stacks 06/30/2022 Donation from Book Aid International   PG7178 SAP 2020 032481 06/30/2022 c. 1 06/30/2022 Books